000 00992nam0a2200301 4500
001 RU\NLR\BIBL_A\012142804
005 20191203104351.0
010 _a978-5-04-103147-3
_93000
021 _aRU
_bКН-П-19-079541
_9КН-П-19-5765
035 _a(NLR Aleph) 012142804
035 _a(RuMoRGB)010129775
090 _a12106105
_c12106105
100 _a20191119d2019 u y0rusy50 ca
101 1 _arus
_cfre
102 _aRU
105 _ay|||z|||000ay
200 1 _aТолько если ты захочешь
_fБрюно Комб
_g[перевод с французского Ю. Рац]
210 _aМосква
_cЭксмо
_d2019
215 _a252, [2] с.
_d20
333 _a16+
686 1 _aШ6(4Фр)67-440.4(Лх1649-50)
700 1 _aКомб
_bБ.
_f1962-
_gБрюно
_3RU\NLR\AUTH\770206574
942 _cBOOK
980 _aNBR
980 _aNB